Statistics for Movie Quotes - Movies by line (1969-1989)

Click here to take the quiz!

General Stats

  • This quiz has been taken 21 times
  • The average score is 6 of 15

Answer Stats

HintAnswer% Correct
Smile, you son of a bitch!Jaws
94%
I love the smell of napalm in the morning.Apocalypse Now
83%
Hello. My name is Inigo Montoya. You killed my father. Prepare to die.The Princess Bride
72%
106 miles to Chicago. We've got a full tank of gas, half a pack of cigarettes, it's dark and we're wearing sunglasses.The Blues Brothers
67%
Nothing is over until we decide it is! Was it over when the Germans bombed Pearl Harbor?Animal House
50%
I was born in 1518 in the village of Glenfinnan on the shores of Loch Shiel. And I am immortal.Highlander
50%
Sharks don't take things personally, Mr. Brody.Jaws 2
50%
This would sharpen you up and make you ready for a bit of the old ultra-violence.A Clockwork Orange
44%
They're all gonna laugh at you!Carrie
33%
Look, l 'm a senior now. l'm a single, successful guy. And l've got to be fair to myself.Fast Times at Ridgemont High
28%
To call you stupid would be an insult to stupid people. I've known sheep that could outwit you.A Fish Called Wanda
17%
You ain't sending me to Bellevue.Midnight Cowboy
17%
No hard feelings. We all have our little faults. Mine's in California.Superman
11%
Sure, Mel. Maybe you can hand yourself one of them first-class tickets to the Resurrection.Scarface
11%
You believe in Jesus... Well, you're gonna meet him.Death Wish 2
11%

Score Distribution

Percentile by Number Answered

Percent of People with Each Score

Your Score History

You have not taken this quiz